000 01057nam0a22002651 4500
001 rc\4657879
005 20260407070941.0
021 _aRU
_b[62-21249]
035 _a(NLR Aleph) 008695311
090 _a9264847
_c9264847
100 _a20130416d1962 |||y0rusy50 ca
101 0 _arus
102 _aRU
105 _ay z |||||
200 1 _aСборник материалов по ведению охотничьих и охотничье-рыболовных хозяйств обществами охотников РСФСР
_fСоюз обществ охотников РСФСР "Росохотсоюз"
210 _aМосква
_cБ. и.
_d1962
215 _a34 с.
_d22
606 _aРыбное хозяйство
_yРСФСР
_2psbo
606 _aОхотничье хозяйство
_yРСФСР
_2psbo
710 0 2 _aСоюз обществ охотников и рыболовов РСФСР
_3RU\NLR\AUTH\8810034484
_9567274
801 0 _aRU
_bNLR
_gpsbo
801 1 _aRU
_bELAR
_2rusmarc
852 _aNLR
_j62-6/3933
942 _cBOOK
980 _aNB